Our Victorian blight (Record no. 69226)

MARC details
000 -LEADER
fixed length control field 01208cam a2200253 4500
001 - CONTROL NUMBER
control field ABS64860
008 - FIXED-LENGTH DATA ELEMENTS--GENERAL INFORMATION
fixed length control field 020109n2001 000 0 eng u
035 ## - SYSTEM CONTROL NUMBER
System control number (Sirsi) u116203
100 ## - MAIN ENTRY--PERSONAL NAME
Personal name Barrry, S.
245 ## - TITLE STATEMENT
Title Our Victorian blight
260 ## - PUBLICATION, DISTRIBUTION, ETC.
Date of publication, distribution, etc. 2001
490 ## - SERIES STATEMENT
Series statement Construction News
Volume/sequential designation (6743) 22 November 2001, 12-13(2)
520 ## - SUMMARY, ETC.
Summary, etc. Reports on the unpopularity of the retention system in the context of the Construction Liaison Group who are hoping to spark a DTI select committee probe this year. Argues that the system is out of date with the new world of partnering and supply chain integration. Considers alternatives such as firms in the steelwork sector now providing a performance bond or indemnity on steelwork contracts worth £100,000 or more. Also reports that many blue-chip clients including Slough Estates, Tesco and John Lewis have ditched the mechanism.
590 ## - LOCAL NOTE (RLIN)
Local note ABS
650 ## - SUBJECT ADDED ENTRY--TOPICAL TERM
Topical term or geographic name entry element RETENTIONS
650 ## - SUBJECT ADDED ENTRY--TOPICAL TERM
Topical term or geographic name entry element SPECIALIST CONTRACTORS
650 ## - SUBJECT ADDED ENTRY--TOPICAL TERM
Topical term or geographic name entry element CONSTRUCTION LIAISON GROUP
650 ## - SUBJECT ADDED ENTRY--TOPICAL TERM
Topical term or geographic name entry element SUBCONTRACTOR
650 ## - SUBJECT ADDED ENTRY--TOPICAL TERM
Topical term or geographic name entry element STEELWORK
650 ## - SUBJECT ADDED ENTRY--TOPICAL TERM
Topical term or geographic name entry element RETENTION PAYMENTS
650 ## - SUBJECT ADDED ENTRY--TOPICAL TERM
Topical term or geographic name entry element FACILITIES MANAGEMENT
9 (RLIN) 6240
690 ## - LOCAL SUBJECT ADDED ENTRY--TOPICAL TERM (OCLC, RLIN)
Topical term or geographic name as entry element BUILT ENVIRONMENT-BUILDING CONTRACT FORMS
942 ## - ADDED ENTRY ELEMENTS (KOHA)
Suppress in OPAC 0
Holdings
Withdrawn status Lost status Source of classification or shelving scheme Damaged status Not for loan Home library Current library Shelving location Date acquired Total Checkouts Full call number Barcode Date last seen Copy number Price effective from Koha item type
    Dewey Decimal Classification     London London Journal article 09/01/2002   ABS64860 116203-1001 06/08/2019 1 06/08/2019 Journal article